<?xml version="1.0" encoding="UTF-8"?>
<marc:record xmlns:marc="http://www.loc.gov/MARC21/slim">
   <marc:leader>00000nam a2200000 a 4500</marc:leader>
   <marc:datafield ind1="1" ind2=" " tag="100">
      <marc:subfield code="a">Page, Kathy</marc:subfield>
      <marc:subfield code="4">aut</marc:subfield>
      <marc:subfield code="e">Verfasser/-in</marc:subfield>
   </marc:datafield>
   <marc:datafield ind1="1" ind2=" " tag="100">
      <marc:subfield code="a">Faßbender, Beatrice</marc:subfield>
      <marc:subfield code="4">trl</marc:subfield>
      <marc:subfield code="e">Übersetzer/-in</marc:subfield>
   </marc:datafield>
   <marc:datafield ind1=" " ind2=" " tag="653">
      <marc:subfield code="a">Liebesroman</marc:subfield>
   </marc:datafield>
   <marc:datafield ind1=" " ind2=" " tag="653">
      <marc:subfield code="a">zweiter weltkrieg</marc:subfield>
   </marc:datafield>
   <marc:datafield ind1="0" ind2="0" tag="245">
      <marc:subfield code="a">All unsere Jahre</marc:subfield>
   </marc:datafield>
   <marc:datafield ind1="0" ind2="0" tag="245">
      <marc:subfield code="c">Kathy Page</marc:subfield>
   </marc:datafield>
   <marc:datafield ind1=" " ind2="1" tag="264">
      <marc:subfield code="a">Berlin</marc:subfield>
      <marc:subfield code="b">Klaus Wagenbach</marc:subfield>
      <marc:subfield code="c">2019</marc:subfield>
   </marc:datafield>
   <marc:datafield ind1="1" ind2=" " tag="520">
      <marc:subfield code="a">Angaben aus der Verlagsmeldung ## ##  All unsere Jahre / von Katy Page ## #Mit dem Happy End geht es doch eigentlich erst los. Denn der Versuch, einen anderen Menschen glücklich zu machen, ist ein Unterfangen, für das ein ganzes Leben nicht ausreicht: vor allem wenn man beschäftigt ist mit der Erziehung dreier teils widerspenstiger Töchter, anstrengenden Eltern und nicht zuletzt mit dem Altern. Und so geht in dieser 70 Jahre währenden Ehe manches Geschirr zu Bruch  wofür die Versöhnung wiederum entschädigt.#Harry Miles und Evelyn Hill lernen sich eines Nachmittags zu Beginn des Zweiten Weltkriegs in einer Londoner Bibliothek kennen, kurz bevor Harry eingezogen wird. Er, der sensible Literatur- und Naturliebhaber, ist von dieser willens- und meinungsstarken Frau fasziniert und wird es immer bleiben. Sie verbindet der Wunsch nach Aufstieg und einem besseren Leben, und so suchen sie die heile Welt in einer Idealfamilie mit einem hübsch eingerichteten Haus. Langsam aber müssen sie begreifen, dass sich auf diese Weise nicht alle Träume erfüllen.#Mit zärtlichem und dennoch unerbittlichem Blick beschreibt Kathy Page das Zusammenspiel von Nähe und Distanz zwischen Evelyn und Harry  ein ganzes Liebesleben lang.</marc:subfield>
   </marc:datafield>
   <marc:datafield ind1=" " ind2=" " tag="020">
      <marc:subfield code="a">9783803133137</marc:subfield>
      <marc:subfield code="9">9783803133137</marc:subfield>
   </marc:datafield>
   <marc:datafield ind1=" " ind2=" " tag="041">
      <marc:subfield code="a">ger</marc:subfield>
   </marc:datafield>
   <marc:datafield ind1=" " ind2=" " tag="300">
      <marc:subfield code="a">300 S.</marc:subfield>
   </marc:datafield>
</marc:record>
